5 kroků k efektivnímu výběrovému řízení

Päť krokov k odhaleniu talentov a efektívnemu obsadeniu funkcií.

Gespeichert in:
Bibliographische Detailangaben
1. Verfasser: Reichlová, Iva
Format: Buchkapitel
Sprache:Tschechisch
Schlagworte:
Tags: Tag hinzufügen
Keine Tags, Fügen Sie das erste Tag hinzu!

MARC

LEADER 00000naa a2200000 4500
001 0196368
005 20231113134744.9
041 0 |a cze 
044 |a CZ 
245 1 0 |a 5 kroků k efektivnímu výběrovému řízení  |c Iva Reichlová 
520 |a Päť krokov k odhaleniu talentov a efektívnemu obsadeniu funkcií. 
610 2 0 |a výber pracovníkov 
100 1 |a Reichlová, Iva